Statistics for Premier League Players By Letter - C

Click here to take the quiz!

General Stats

  • This quiz has been taken 285 times
  • The average score is 22 of 34

Answer Stats

First NameSurnameClub% Correct
EmreCanLiverpool
93%
PetrCechArsenal
89%
DiegoCostaChelsea
86%
JoeColeAston Villa
85%
PhilippeCoutinhoLiverpool
85%
GarryCahillChelsea
82%
MichaelCarrickManchester United
82%
ThibautCourtoisChelsea
81%
PapissCisséNewcastle United
79%
SeamusColemanEverton
78%
GaelClichyManchester City
76%
CalumChambersArsenal
75%
NacerChadliTottenham Hotspur
74%
YohanCabayeCrystal Palace
72%
PeterCrouchStoke City
72%
AndyCarrollWest Ham United
70%
EtienneCapoueWatford
67%
SantiagoCazorlaArsenal
61%
JoelCampbellArsenal
60%
CiaranClarkAston Villa
60%
NathanClyneLiverpool
58%
SteveCookBournemouth
55%
LeeCattermoleSunderland
54%
AaronCresswellWest Ham United
52%
FrancisCoquelinArsenal
51%
MarouaneChamakhCrystal Palace
49%
FabricioColocciniNewcastle United
48%
GeoffCameronStoke City
47%
JackColbackNewcastle United
46%
JackCorkSwansea City
46%
TomCleverleyEverton
43%
JordyClasieSouthampton
34%
SebastianCoatesSunderland
33%
WilfredoCaballeroManchester City
32%

Score Distribution

Percentile by Number Answered

Percent of People with Each Score

Your Score History

You have not taken this quiz